Score 0/24 Timer 03:00
3 Plays Today
Clue 4-Letter Word % Correct
* 2.54 centimeters *INCH
98.1%
Result of poison ivyITCH
95.8%
Pork or beef, e.g.MEAT
94.3%
Turn ice into waterMELT
93.6%
Major US automakerFORD
92.1%
A type of milkshakeMALT
90.2%
Animal fatLARD
89.4%
Term of respect for GodLORD
88.9%
Eats or grubFOOD
88.8%
Use acid to design on glassETCH
88.1%
* 12 of the previous themed unit *FOOT
87.7%
He played Joey on 'Friends'MATT
87%
Clue 4-Letter Word % Correct
* 3 of the previous themed unit*YARD
86.5%
One for every oneEACH
85%
Knitting needYARN
84.9%
A field of number studiesMATH
83.4%
* 1760 of the previous themed unit *MILE
80.9%
The speed of soundMACH
80.4%
Man-made loop of waterMOAT
76.1%
PointlessMOOT
74.8%
Repair knitted socksDARN
70.1%
One with an X and a YMALE
69.4%
Goad someone into an activityDARE
63.7%
Friend of Hank HillDALE
60.6%

Today's Daily Dose

Quick Pick
Colorful Movies

Get the Picture
Dog Breeds II

Remove Ads.
Support Sporcle.
Get the best of Sporcle when you Go Orange. This ad-free experience offers more features, more stats, and more fun while also helping to support Sporcle. Thank you for becoming a member.

You're not logged in!

Compare scores with friends on all Sporcle quizzes.
OR
Log In

Show Comments

Extras

Top Quizzes Today


Score Distribution

Your Account Isn't Verified!

In order to create a playlist on Sporcle, you need to verify the email address you used during registration. Go to your Sporcle Settings to finish the process.

Report this User

Report this user for behavior that violates our Community Guidelines.

Details: